000 00631nam a22002297a 4500
003 UA-OsUOA
001 100815
007 ta
008 20130530b un ||||| |||| 00| 0 ukr d
100 _aШеметов А.
090 _a821.161.1
_bШ46
942 _cBK
040 _aUA-OsUOA
_brus
_cUA-OsUOA
_dUA-OsUOA
245 _aПрорыв
_bповесть об Александре Радищеве
300 _a511 с.
955 _a3
041 _arus
080 _a821.161.1
260 _aМ.
_bПолитиздат
_c1978
650 7 _a82 Література. Літературознавство
_2UDC
999 _c386691
_d386691